00943nam a2200205 i 450000100060000000300090000600500170001500700030003200800410003510000580007624502150013426000660034930000220041565000300043770000390046771100730050685200210057999900170060095201200061727131ES-MaACL20251002195537.0t|030113s1914 fr ||||1| fre d1 aAvril de Sainte-Croix , Ghénia (d1855-1939)92409110aOeuvres et institutions féminines : bdroits des femmes / Dixième congrès international des femmes... le 2 juin 1913 ; inauguré par M. Klotz,... ; compte rendu des travaux par Mme Avril de Sainte-Croix. aParís : bV. Giard et E. Brière, c1914 (fImp. Charaire) a590 p. ; c25 cm.04aMujeres-xDerechos9152631 aKlotz, Lucien, d1868-193091643252 aCongrès International des Femmes (n10º. d1913. cParis)9164326 aES-MaACLjF-9376 c27131d27131 00104070aATENEOMbATENEOMcSPP2d2008-01-17eSCl0oF-9376p1028003r2023-02-23 00:00:00w2023-02-23yMONOGRAFIA